Non-Intrusive Methodologies for Large Area Urban Research

محفوظ في:

المؤلف الرئيسي: Ian Haynes

التنسيق: كتاب

اللغة: Undetermined

الوصول للمادة أونلاين: Login to view Source

الوسوم: إضافة وسم

لا توجد وسوم, كن أول من يضع وسما على هذه التسجيلة!

رقم الطلب:

LEADER 00448nmm a2200133Ia 4500
008 240716s9999||||xx |||||||||||||||||und||
020 |a 9781803274461 
020 |a 9781803274478 
100 |a Ian Haynes 
245 1 0 |a Non-Intrusive Methodologies for Large Area Urban Research  |c Ian Haynes 
264 |b Archaeopress Archaeology  |c 24-أغسطس-23 
856 4 0 |u http://library.arce.org:8087/Archaeopress/Products/9781803274461 
942 |2 lcc  |c EBOOK 
999 |c 59025  |d 59025